High performance through mergers and acquisitions: India's new dynamics (Record no. 85001)

000 -LEADER
fixed length control field 00424pab a2200169 454500
008 - FIXED-LENGTH DATA ELEMENTS--GENERAL INFORMATION
fixed length control field 180718b2009 xxu||||| |||| 00| 0 eng d
100 ## - MAIN ENTRY--PERSONAL NAME
Personal name Sinha, P.K.
245 ## - TITLE STATEMENT
Title High performance through mergers and acquisitions: India's new dynamics
260 ## - PUBLICATION, DISTRIBUTION, ETC.
Date of publication, distribution, etc. 2009
300 ## - PHYSICAL DESCRIPTION
Extent p.952-57.
362 ## - DATES OF PUBLICATION AND/OR SEQUENTIAL DESIGNATION
Dates of publication and/or sequential designation Dec
650 ## - SUBJECT ADDED ENTRY--TOPICAL TERM
Topical term or geographic name entry element Mergers
700 ## - ADDED ENTRY--PERSONAL NAME
Personal name Sinha, Sanchari
773 ## - HOST ITEM ENTRY
Main entry heading Management Accountant
908 ## - PUT COMMAND PARAMETER (RLIN)
Put command parameter N
909 ## -
-- 85001
Holdings
Withdrawn status Lost status Damaged status Not for loan Permanent Location Current Location Date acquired Serial Enumeration / chronology Barcode Date last seen Price effective from Koha item type
        Indian Institute of Public Administration Indian Institute of Public Administration 2018-07-19 Volume no: 44, Issue no: 12 AR85461 2018-07-19 2018-07-19 Articles

Powered by Koha